| 000 | 00671nam a2200193Ia 4500 | ||
|---|---|---|---|
| 003 | GCL | ||
| 008 | 140319s9999 xx 000 0 ara d | ||
| 040 |
_aGCL / _cGCL |
||
| 082 | 0 | 4 |
_a811.062 _bا د |
| 100 | 1 | _aمحمد عبدالرحمن عوض (محقق) | |
| 245 | 1 | 0 |
_aديوان الامام الشافعى / _cمحمد عبدالرحمن عوض (محقق) |
| 700 | 1 | _aالشافعى، ابوعبدالله محمد بن ادريس، 767-819 م | |
| 260 |
_a[S.N] : _bدار الكتب العلمية للنشر والتوزيع ، _c1990 |
||
| 300 | _a69 ص | ||
| 490 | _a | ||
| 650 | 0 | 4 | _aدواوين وقصائد |
| 650 | 0 | 4 | _aالشعر |
| 942 |
_2ddc _cBK |
||
| 999 |
_c52647 _d52647 |
||